书目信息 |
| 题名: |
城市道路照明设计
|
|
| 作者: | 李铁楠 编著 | |
| 分册: | ||
| 出版信息: | 北京 机械工业出版社 2007.01 |
|
| 页数: | 185页, [16] 页图版 | |
| 开本: | 26cm | |
| 丛书名: | ||
| 单 册: | ||
| 中图分类: | TU113.6 | |
| 科图分类: | ||
| 主题词: | 城市道路--cheng shi dao lu--照明设计 | |
| 电子资源: | ||
| ISBN: | 7-111-20221-X | |
| 000 | 00819nam0 2200229 450 | |
| 001 | 012007122495 | |
| 005 | 20091223151352.34 | |
| 010 | @a7-111-20221-X@dCNY28.00 | |
| 100 | @a20070417d2007 km y0chiy0120 ea | |
| 101 | 0 | @achi |
| 102 | @aCN@b110000 | |
| 105 | @aafk a 000yy | |
| 200 | 1 | @a城市道路照明设计@Acheng shi dao lu zhao ming she ji@f李铁楠编著@Fli tie nan bian zhu |
| 210 | @a北京@c机械工业出版社@d2007.01 | |
| 215 | @a185页, [16] 页图版@c图@d26cm | |
| 320 | @a有书目 (第185页)。 | |
| 330 | @a本书共9章,包括:机动车道路的路面特征及照明评价指标、道路照明光源、道路照明灯具、机动车道路照明标准、照明方式与设计要求、道路照明计算、道路等。 | |
| 606 | 0 | @a城市道路@Acheng shi dao lu@x照明设计 |
| 690 | @aTU113.6@v4 | |
| 701 | 0 | @a李铁楠@Ali tie nan@4编著 |
| 801 | 0 | @aCN@c20091223 |
| 905 | @dTU113.6@eL2751 | |
| 城市道路照明设计/李铁楠编著.-北京:机械工业出版社,2007.01 |
| 185页, [16] 页图版:图;26cm |
| ISBN 7-111-20221-X:CNY28.00 |
| 本书共9章,包括:机动车道路的路面特征及照明评价指标、道路照明光源、道路照明灯具、机动车道路照明标准、照明方式与设计要求、道路照明计算、道路等。 |
| ● |
| 相关链接 |
|
|
|
正题名:城市道路照明设计
索取号:TU113.6/L2751
 
预约/预借
| 序号 | 登录号 | 条形码 | 馆藏地/架位号 | 状态 | 备注 |
| 1 | 241230 | 202412308 | 建筑库101/101建筑库 25排3列5层/ [索取号:TU113.6/L2751] | 在馆 | |
| 2 | 241231 | 202412317 | 建筑库101/101建筑库 25排3列5层/ [索取号:TU113.6/L2751] | 在馆 | |
| 3 | 241232 | 202412326 | 建筑库101/101建筑库 25排3列5层/ [索取号:TU113.6/L2751] | 在馆 |